Liedtext - Als ich ein Kind war - Annenmaykantereit - Statistiken

Allgemein
  • Dieses Quiz wurde 45 mal gespielt
  • Das Durchschnittsergebnis liegt bei 102 aus 145
Antwortstatistiken
Antwort % Korrekt
ich
100%
Als
97%
ein
97%
Kind
97%
war,
97%
war
97%
Es
92%
es
92%
gab
89%
kein
89%
ab
81%
Die
76%
die
76%
drei
76%
Insta
76%
jeden
73%
RTL2
73%
Tag
73%
de
68%
Und
68%
und
68%
Dafür
65%
Eine
65%
Das
59%
so
57%
hatte
54%
Alles
51%
alles
51%
gab's
49%
wenn
49%
auch
46%
Internet.
46%
nicht
46%
Post
46%
schon
46%
wollte,
46%
Bett
43%
dem
43%
gelb
43%
grün
43%
Kabel
43%
keiner
43%
Telefon
43%
war'n
43%
Bull'n
41%
DHL
41%
kannte
41%
keinen
41%
Frau,
38%
neben
38%
oder
38%
Fernseh'n
35%
fragen
35%
Früher
35%
langsam
35%
musste
35%
schau'n
35%
schnell
35%
Wiesen
35%
berühmte
32%
Bildschirm
32%
eher
32%
ganz
32%
gut,
30%
jawohl
30%
Mol
30%
damals
27%
Linda
27%
nice
27%
ICQ
22%
Keine übereinstimmenden Quizze gefunden
Verteilung der Resultate
Anzahl Personen mit jedem Resultat
Perzentil nach korrekt beantworteten Fragen
Ihre Resultats-Entwicklung
Sie haben dieses Quiz noch nicht gespielt